Statistics for Which City? #North America

Click here to take the quiz!

General Stats

  • This quiz has been taken 13 times
  • The average score is 7 of 16

Answer Stats

Answer% Correct
St. Louis
92%
Toronto
92%
New Orleans
75%
Denver
67%
Anchorage
58%
Cancún
58%
San Jose
50%
Edmonton
33%
Guadalajara
33%
Nassau
33%
Tijuana
33%
Victoria
33%
Kingston
25%
Portland
25%
Tegucigalpa
25%
Oaxaca
8%

Score Distribution

Percentile by Number Answered

Percent of People with Each Score

Your Score History

You have not taken this quiz